[Event "Nabereznye Chelny"]
[Site "Nabereznye Chelny"]
[Date "2007.03.09"]
[Round "10"]
[White "Davletshin, Mars"]
[Black "Murzin, Lenar"]
[Result "1/2-1/2"]
[WhiteElo "2112"]
[BlackElo "2205"]
[PlyCount "41"]
[EventDate "2007.02.17"]
[EventType "tourn"]
[EventRounds "11"]
[EventCountry "RUS"]
[SourceTitle "EXT 2010"]
[Source "ChessBase"]
[SourceDate "2010.11.25"]
[SourceVersion "1"]
[SourceVersionDate "2010.11.25"]
[SourceQuality "1"]

1. d4 Nf6 2. c4 e6 3. Nc3 Bb4 4. e3 Bxc3+ 5. bxc3 d6 6. Bd3 c5 7. Ne2 Nc6 8. 0-0 e5 9. d5 Ne7 10. Qc2 Ng6 11. f4 Qe7 12. Ng3 Ng4 13. h3 Nh6 14. f5 Nf8 15. f6 gxf6 16. e4 Rg8 17. Qf2 Rg6 18. Be2 Ng8 19. Bh5 Rg7 20. Bd1 Kd8 21. Be3 1/2-1/2

[Event "Nabereznye Chelny"]
[Site "Nabereznye Chelny"]
[Date "2007.02.27"]
[Round "5"]
[White "Davletshin, Mars"]
[Black "Alyautdinov, Rushan"]
[Result "0-1"]
[WhiteElo "2112"]
[BlackElo "2186"]
[PlyCount "68"]
[EventDate "2007.02.17"]
[EventType "tourn"]
[EventRounds "11"]
[EventCountry "RUS"]
[SourceTitle "EXT 2010"]
[Source "ChessBase"]
[SourceDate "2010.11.25"]
[SourceVersion "1"]
[SourceVersionDate "2010.11.25"]
[SourceQuality "1"]

1. d4 c5 2. Nf3 cxd4 3. Nxd4 d5 4. c4 e5 5. Nf3 d4 6. e3 Nc6 7. exd4 exd4 8. Bd3 g6 9. 0-0 Bg7 10. Re1+ Nge7 11. Bg5 0-0 12. Nbd2 Be6 13. Ne4 Qc7 14. Qd2 a5 15. Bf4 Qb6 16. a3 a4 17. Bh6 Nf5 18. Bxg7 Kxg7 19. g4 Nfe7 20. Qf4 f6 21. c5 Qd8 22. Nd6 Qd7 23. h3 Bf7 24. Nxd4 Nd5 25. Qe4 Rae8 26. N4f5+ gxf5 27. Nxf5+ Kh8 28. Qxa4 Bg6 29. Bc2 Bxf5 30. Bxf5 Qc7 31. Qb3 Nf4 32. Rad1 Nd4 33. Rxe8 Rxe8 34. Qa4 Qe5 0-1